000 00497nam a2200133 a 4500
001 000034687
005 20200930073836.0
008 111018s2004 pe 000 0 spa d
040 _aDO-SdBNP
_bspa
_cBNPHU
082 _axxxx
_bB582
245 0 0 _a"Bibliografía sobre la financiación del desarrollo latinoamericano y la transformación de la economia mundial".
260 _aLima :
_bSecretaría general de ALIDE, Departamento Técnico , Centro de Documentación,
_cs. f.
300 _a85 p. ;
_c21 cm.
999 _c34178
_d34178